Piłkarz według podpowiedzi #2 - Średni - Statystyki

Ogólne statystyki
  • Ten quiz został rozwiązany 90 razy
  • Średni wynik to 11 z 15
Statystyki odpowiedzi
Hint Odpowiedź % Poprawnych
Obrońca, Francja, Real Madryt, Manchester United Varane
96%
Anglia, Leicester, Manchester United, Obrońca Maguire
89%
Francja, Napastnik, Chelsea, AC Milan Giroud
86%
Niemcy, BVB, Kapitan Reus
86%
Polska, Obrońca, Torino, Monaco, Benevento Glik
84%
Brak wygranej LM, Juventus, Parma Buffon
82%
Portugalia, Atletico Madryt Felix
81%
Portugalia, Real Madryt, FC Porto Pepe
81%
Senegal, Obrońca, Napoli Koulibaly
78%
Włochy, Król Strzelców, Klub z Rzymu Immobile
72%
Hiszpania, FC Barcelona, Pomocnik Busquets
67%
Brazylia, Napastnik, Tottenham Lucas
47%
Francja, Lyon, Tottenham, Pomocnik Ndombele
41%
Włochy, Juventus, Napastnik, Syn legendy Chiesa
37%
Holandia, Obrońca, Ajax, Syn legendy Blind
31%
Nie znaleziono quizów pasujących do podanych kryteriów
Rozkład punktacji
Procent ludzi z każdym wynikiem
Percentyl według liczby udzielonych odpowiedzi
Twoja historia wyników
Nie rozwiązałeś tego quizu